| 000 | 00431nam a2200145 a 4500 | ||
|---|---|---|---|
| 005 | 20140412111232.0 | ||
| 008 | 010522s19uu xx 00 eng d | ||
| 050 |
_aTR(GS 379.3 _bP44 1992 |
||
| 245 | _aManual of regulations for private schools. | ||
| 250 | _a8th Ed. | ||
| 260 |
_aPhilippines : _bCatholic Educational Association of the Philippines, _c1992. |
||
| 300 | _a62p. ; ill. | ||
| 650 | _aSchool Manual | ||
| 999 |
_c102250 _d102250 |
||